Quizzes
Events
Quiz Creation
Community
Videos
Private Events
Remove Ads
Sign In
Join for FREE
Feedback
Dark Mode
Quiz Categories
Sports
Geography
Music
Movies
Television
Just For Fun
Miscellaneous
History
Literature
Language
Science
Gaming
Entertainment
Religion
Holiday
For Kids
Quiz Lab
Recent
Popular Today
Quiz Kudos Today
Editor Picks
Curator Picks
Quizzes by...
Day
Popularity
Type
Ratings
Length
Year
Community
Subscriptions
Recent Discussions
Orange Saloon
Badges
Playlists
Quests
Create
Leaderboards
Showdown
Live 5
Trivia Bingo
Activity
Puzzle Library
Sporcle Events
Private Events
Virtual Trivia
Globe League
Become a Host
Pub Owners
SporcleCon
Opinionation
Our Games
Videos
Blog
Mobile Apps
Partnerships
Remove Ads and Go Orange
Feedback
Just For Fun
Clickable
Get the Picture
Humor
Quick Pick
Word Ladder
Missing Word
Mixed Word
Blitz
Minefield
This or That
Alphabet
Color
Typing
Sporcle
Puzzle
Word Play
Follow That Line
Logic
Just For Fun
Clickable
Get the Picture
Humor
Quick Pick
Word Ladder
Missing Word
Mixed Word
Blitz
Minefield
This or That
Alphabet
Color
Typing
Sporcle
Puzzle
Word Play
Follow That Line
Logic
Random Quiz
Search Sporcle
×
Quiz Lab
Quiz Lab
Just For Fun
Player
Type in answers that appear in a list
Type in answers that appear in a list
Classic
Best Score? Go Orange.
Give me a Fulcrum Stats
Can you name the pitchers with the highest and lowest leverage per PA (min 200 PA)?
By
chaladavi
4m
20 Questions
7 Plays
7 Plays
7 Plays
Comments
Comments
Give Quiz Kudos
Give Quiz Kudos
-
- Ratings
hide this ad
Replay
Link that replays current quiz
Next Quiz
Link to next quiz in quiz playlist
You Got
0%
They Got
Avg Score
19%
Avg Friend Score
Upgrade to see
Score Distribution
Jump to the score distribution portion of the page
Score
0/20
Timer
04:00
0
Plays Today
PA
Pitcher
% Correct
1002
Coco Chanel
100%
823
Queen Margrethe II
85.7%
1174
Rebecca Romijn
71.4%
1100
Albert Brooks
42.9%
540
Quinton McHale
28.6%
585
Rinat Dasayev
14.3%
247
Mirah
14.3%
285
Frantisek Planicka
14.3%
492
Ted Baxter
14.3%
223
Hawkslayer
0%
PA
Pitcher
% Correct
299
Paul Samuelson
0%
292
Gene Wolfe
0%
498
Mikhail Gorbachev
0%
299
Max Zorin
0%
618
Sadok Sassi
0%
424
Doctor Blood
0%
518
Alanis Morissette
0%
354
Traian Basescu
0%
514
Louie Anderson
0%
356
Nicole Fox
0%
Quiz Playlist
Details
Report
Send in Message
Add To Playlist
Classic:
Type in answers that appear in a list
Last Updated: Feb 16, 2017
Quiz Scoreboard
CHALLENGE
Sign Up to Join the Scoreboard
Show All
Scores
Hide
Comments
May contain spoilers
Recently Published
Pick 6: Fruits
by JohnFran
Miscellaneous
15s
Click the 1999 NBA Draft
by nibperrychub
Sports
2m
Alphabetical 'K' Countries by Flag Minefield
by ylime102
Geography
3m
More to Explore
Quiz From the Vault
Featured Blog Post
15 Basketball Trivia Facts You Can Be March Mad About
hide this ad
You Might Also Like...
Tags
200
highest
Leverage
Lowest
minimum
Pitchers
Player
Today's Top Quizzes in Just For Fun
Browse Just For Fun
hide this ad
Today's Top Quizzes in Player
Browse Player
Top Contributed Quizzes in Just For Fun
1
Pick 6: Letters
2
Seasons
3
Pick 6: Foods
4
Pick 6: Colors
5
Quick Pick: Spring Things
6
Just Another 1-25 Logic Puzzle
7
Four Seasons
8
Disney/Pixar Logic Puzzle
9
Reverse Eye-Numbing Numbers
10
LogiCrossword: Seasons of Year
Explore More
Trending Topics
Kpop
NBA
Disney
Marvel
Crossword
Harry Potter
Anime
Puzzle
Country
Pokémon
Song
WWE
Soccer
The Office
NFL
hide this ad
More By:
chaladavi
Quiz
Plays
Rating
Category
Featured
Created
Countries of Brussels
38
1.00
Just For Fun
May 15, 2011
Eighty Percent of Success
12
Just For Fun
May 4, 2011
Bi-Winning
12
2.40
Just For Fun
Mar 9, 2011
The Biggest Losers
11
3.00
Just For Fun
Mar 8, 2011
Centurions
11
Just For Fun
Mar 10, 2011
Go to Creator's Profile
Score Distribution
Quiz Creator Spotlight
chaladavi
Follow
Send a Message
Quizzes Created
-
Created Quiz Play Count
-
More By This Creator
Popular Quizzes Today
1
Find the US States - No Outlines Minefield
2
Countries of Asia Without Outlines Minefield
3
Pick 6: Fruits
4
The Countries of the World
5
Alphabetical 'K' Countries by Flag Minefield
6
Find the US States
7
Match the Book to the Film X
8
Click the 1999 NBA Draft
More Just For Fun Quizzes
Missing Word: Jersey Boys
Published
Trending Quizzes
Pick 6: Harry Potter
Pick 6: Mountains
Pick 6: NFL Teams
Pick 6: Movie Franchises
Pick 6: Golfers
Recently Updated
Women's Final Four Teams by Year
bhenderson79
Presidents Quartet II
eogle
Anything But Clue(do)
eogle
Anything But Oceanian Capitals
eogle
Anything But 7
eogle
Anything But Thing
eogle
Word Ladder: February 29
pecheneg
Song Title Questions
pecheneg
Women's NCAA Tournament #1 Seeds
pecheneg
Celebrity Mug Shots
pecheneg
Trending Topics
NBA
Anime
Crossword
Marvel
Harry Potter
Kpop
Disney
Puzzle
The Office
Soccer
Country
NFL
Pokémon
WWE
Song
Your Account Isn't Verified!
In order to create a playlist on Sporcle, you need to verify the email address you used during registration. Go to your
Sporcle Settings
to finish the process.
Report this User
Report this user for behavior that violates our
Community Guidelines
.
Details:
Send Report
Go to the Sporcle.com Mobile Site →
Comments